De Legibus ó tratado de las leyes 1571

Պահպանված է:
Մատենագիտական մանրամասներ
Հիմնական հեղինակ: León, Fray Luis de (Հեղինակ)
Ձևաչափ: Գիրք
Լեզու:իսպաներեն
Հրապարակվել է: Madrid Consejo Superior de Investigaciones Científicas 1963
Շարք:Corpus Hispanorum de Pace, 1
Խորագրեր:
Ցուցիչներ: Ավելացրեք ցուցիչ
Չկան պիտակներ, Եղեք առաջինը, ով նշում է այս գրառումը!

MARC

LEADER 00000nam a2200000 a 4500
001 UCV1133
003 CL-VaPUC
008 891024e19630000SP |||||||||||||||||spa|d
082 0 4 |a 340.109  |b LEO  |2 21 
100 0 |a León, Fray Luis de  |e author  |9 255943 
245 1 0 |a De Legibus ó tratado de las leyes 1571 
300 |a 148 p 
942 |c BK 
945 |d 19891024 00:00:00 
260 |a Madrid  |b Consejo Superior de Investigaciones Científicas  |c 1963 
600 0 7 |a LEON, FRAY LUIS DE  |2 CL-VaPUC  |9 255943 
650 0 |a Pensamiento jurídico  |9 255517 
583 |a last modification  |c 19891024 00:00:00  |k Rodrigo Vera 
490 0 |a Corpus Hispanorum de Pace, 1 
999 |c 209173  |d 209171 
952 |0 0  |1 0  |4 0  |6 340_109000000000000_LEO_1963  |7 0  |8 DER_HIS  |9 184458  |a BIBDER  |b BIBDER  |d 2019-11-14  |i 2517299  |o 340.109 LEO 1963  |p 2517299  |r 2023-01-25  |w 2019-11-14  |x Ubicación 4to Piso  |y BK  |z Estos recursos deben solicitarse con anticipación  |k DER 
952 |0 0  |1 0  |4 0  |6 340_109000000000000_LEO_1963  |7 0  |8 DER_HIS  |9 184459  |a BIBDER  |b BIBDER  |d 2019-11-14  |i 2517302  |o 340.109 LEO 1963  |p 2517302  |r 2023-01-25  |w 2019-11-14  |x Ubicación 4to Piso  |y BK  |z Estos recursos deben solicitarse con anticipación  |k DER